00358cam a2200157ua 45000010005000000080039000050400009000440410012000530820012000651000024000772450023001012500009001242600035001333000009001686530023001779666120106n1995 II |||gr||||Z||||||eng aMAIN aEnglish a541 LEV aLEVINE, I. R. A. N. aPHYSICAL CHEMISTRY a4TH. aLONDONbMCGREW HILL BOOKc1995 a901. aPhysical chemistry